Santa Biblia : (Registro nro. 63270)

Detalles MARC
000 -LEADER
campo de control de longitud fija 02109nam a22002894i 4500
003 - IDENTIFICADOR DE NÚMERO DE CONTROL
campo de control PE-LiUPU
005 - FECHA Y HORA DE LA ÚLTIMA TRANSACCIÓN
campo de control 20260217102000.0
008 - DATOS DE LONGITUD FIJA--INFORMACIÓN GENERAL
campo de control de longitud fija 20260212s20uu ko a rb 000 0 spa d
040 ## - FUENTE DE CATALOGACIÓN
Centro catalogador/agencia de origen PE-LiUPU
Lengua de catalogación spa
Centro/agencia transcriptor PE-LiUPU
Normas de descripción rda
082 ## - NÚMERO DE LA CLASIFICACIÓN DECIMAL DEWEY
Número de clasificación 220
Cutter S231
Número de edición 23
130 ## - ENTRADA PRINCIPAL--TÍTULO UNIFORME
Título uniforme Biblia.
Lenguaje de la obra Español.
Versión Reina Valera 1960
9 (RLIN) 8081
245 10 - MENCIÓN DEL TÍTULO
Título Santa Biblia :
Resto del título versión Reina-Valera ; treinta estudios bíblicos esenciales ; himnario /
Mención de responsabilidad, etc. [Traducido por Casiodoro de Reina y Cipriano de Valera].
264 #1 - PRODUCCIÓN, PUBLICACIÓN, DISTRIBUCIÓN, FABRICACIÓN Y COPYRIGHT
Producción, publicación, distribución, fabricación y copyright [Corea] :
Nombre del de productor, editor, distribuidor, fabricante [editorial no identificada],
Fecha de producción, publicación, distribución, fabricación o copyright [fecha no registrada].
300 ## - DESCRIPCIÓN FÍSICA
Extensión 1 volumen (paginación variada) :
Otras características físicas ilustraciones ;
Dimensiones 23 cm
336 ## - TIPO DE CONTENIDO
Término de tipo de contenido text
Fuente rdacontent
337 ## - TIPO DE MEDIO
Nombre/término del tipo de medio unmediated
Fuente rdamedia
338 ## - TIPO DE SOPORTE
Nombre/término del tipo de soporte volume
Fuente rdacarrier
505 0# - NOTA DE CONTENIDO CON FORMATO
Nota de contenido con formato Antiguo Testamento: Génesis -- Éxodo -- Levítico -- Números -- Deuteronomio -- Josué -- Jueces -- Rut -- 1 Samuel -- 2 Samuel -- 1 Reyes -- 2 Reyes -- 1 Crónicas -- 2 Crónicas -- Esdras -- Nehemías -- Ester -- Job -- Salmos -- Proverbios -- Eclesiastés -- Cantares -- Isaías -- Jeremías -- Lamentaciones -- Ezequiel -- Daniel -- Oseas -- Joel -- Amós -- Abdías -- Jonás -- Miqueas -- Nahum -- Habacuc -- Sofonías -- Hageo -- Zacarías -- Malaquías -- Nuevo Testamento: Mateo -- Marcos -- Lucas -- Juan -- Hechos -- Romanos -- 1 Corintios -- 2 Corintios -- Gálatas -- Efesios -- Filipenses -- Colosenses -- 1 Tesalonicenses -- 2 Tesalonicenses -- 1 Timoteo -- 2 Timoteo -- Tito -- Filemón -- Hebreos -- Santiago -- 1 Pedro -- 2 Pedro -- 1 Juan -- 2 Juan -- 3 Juan -- Judas -- Apocalipsis -- Treinta estudios bíblicos esenciales -- Himnario.
520 ## - RESUMEN, ETC.
Sumario, etc. Edición de la Biblia en español (versión Reina-Valera) que incluye treinta estudios bíblicos esenciales y un himnario al final.
630 #0 - PUNTO DE ACCESO ADICIONAL DE MATERIA--TÍTULO UNIFORME
Título uniforme Biblia.
Lenguaje de la obra Español.
9 (RLIN) 8081
Versión Reina Valera 1960
650 24 - PUNTO DE ACCESO ADICIONAL DE MATERIA--TÉRMINO DE MATERIA
Término de materia o nombre geográfico como elemento de entrada Estudios bíblicos
9 (RLIN) 5736
650 24 - PUNTO DE ACCESO ADICIONAL DE MATERIA--TÉRMINO DE MATERIA
Término de materia o nombre geográfico como elemento de entrada Himnos cristianos
9 (RLIN) 8084
700 1# - ENTRADA AGREGADA--NOMBRE PERSONAL
Nombre de persona Reina, Casiodoro de,
Término indicativo de función/relación traductor.
700 1# - ENTRADA AGREGADA--NOMBRE PERSONAL
Nombre de persona Valera, Cipriano de,
Término indicativo de función/relación traductor.
942 ## - ELEMENTOS DE ENTRADA SECUNDARIOS (KOHA)
Fuente del sistema de clasificación o colocación Clasificación Decimal Dewey
Tipo de ítem Koha Libros físicos
980 ## - EQUIVALENCIA O REFERENCIA-CRUZADA-MENCIÓN DE SERIE--NOMBRE DE PERSONA/TÍTULO [LOCAL, CANADÁ]
ID del usuario creador del registro 18228
Nombre del creador del registro Rebeca Esther Huerta Leyton
ID del último usuario que modificó el registro 18226
Nombre del último usuario que modificó el registro Jaime Vilcazán Jefe de Análisis Documental
Existencias
Visto por última vez Total de préstamos Signatura topográfica completa Código de barras Copia número Coste, precio de reemplazo Fecha de reemplazo Facultad Tipo de ítem Koha Estado de pérdida Fuente del sistema de clasificación o colocación Restricciones de uso No para préstamo Colección Programa académico Biblioteca de origen Biblioteca actual Ubicación en estantería Fecha de adquisición Fuente de adquisición
2026-03-15   220 S231 83047 e1 25.93 2026-02-12 Teología Libros físicos No Perdido Clasificación Decimal Dewey No restringido Disponible para préstamos Colección General Teología Biblioteca CRAI UPeU Lima Biblioteca CRAI UPeU Lima Sala principal 2026-02-12 Donación David Echevarría